Hit songs of 2010 - Statistics

General Stats
  • This quiz has been taken 274 times
  • The average score is 26 of 40
Answer Stats
2010 Ttile For each title song answer with the artist(s) or band % Correct
2 California Gurls Katy Perry ft. Snoop Dogg
99%
11 Firework Katy Perry
98%
31 Teenage Dream Katy Perry
98%
21 Waka Waka (This Time for Africa) Shakira
93%
1 Loca Shakira ft. Dizzee Rascal / El Cata
93%
6 Love The Way You Lie Eminem ft. Rihanna
91%
16 Rude Boy Rihanna
91%
23 Only Girl Rihanna
91%
33 Te Amo Rihanna
91%
12 Telephone Lady Gaga ft. Beyoncé
88%
27 Nothin' On You B.o.B ft. Bruno Mars
87%
15 Baby Justin Bieber ft. Ludacris
85%
13 What's My Name? Rihanna ft. Drake
85%
36 Billionaire Travie McCoy ft. Bruno Mars
85%
35 Just The Way You Are Bruno Mars
84%
5 Alejandro Lady Gaga
83%
20 Not Afraid Eminem
78%
3 Airplanes B.o.B ft. Hayley Williams of Paramore
72%
4 DJ Got Us Fallin' In Love Usher ft. Pitbull
72%
19 Hey, Soul Sister Train
70%
8 Your Love Is My Drug Ke$ha
62%
29 We R Who We R Ke$ha
62%
37 Take It Off Ke$ha
62%
14 Blah Blah Blah Ke$ha ft. 3OH!3
62%
22 Raise Your Glass P!nk
62%
10 Club Can't Handle Me Flo Rida ft. David Guetta
54%
17 Black And Yellow Wiz Khalifa
53%
9 Break Your Heart Taio Cruz ft. Ludacris
52%
30 I Like It Enrique Iglesias ft. Pitbull
42%
18 The Time (Dirty Bit) The Black Eyed Peas
40%
34 Just A Dream Nelly
37%
24 Gettin' Over You David Guetta & Chris Willis ft. Fergie & LMFAO
35%
40 Mine Taylor Swift
35%
32 Memories David Guetta Feat. Kid Cudi
33%
38 Like A G6 Far East Movement ft. The Cataracs, DEV
33%
28 Do It Like A Dude Jessie J
30%
25 The Only Exception Paramore
30%
7 A Year Without Rain Selena Gomez & The Scene
30%
39 My Chick Bad Ludacris ft. Nicki Minaj
29%
26 Coming Home Diddy - Dirty Money ft. Skylar Grey
20%
No matching quizzes found
Score Distribution
Percent of People with Each Score
Percentile by Number Answered
Your Score History
You have not taken this quiz